=LDR 00000nam 2200000 4500 =001 $a INLIS000000000008379 =005 $a 20260604100550 =008 $a 260604################f##########0#eng## =022 ##$$a 979-3151-12-9 =035 ##$$a 0010-0626000006 =082 ##$$a 353.59 =084 ##$$a 353.59 IND =100 #$$a - =245 ##$$a Indonesia Country Report $b National Progress in Implementing the ICPD Programme of Action 1994 - 2004 $c Badan Koordinasi Keluarga Berencana Nasional =246 ##$$a =260 ##$$a Jakarta $b Badan Koordinasi Keluarga Berencana Nasional $c 2004 =300 ##$$a ix+107 hlm. $b $c 27 cm. $d =336 ##$$a =337 ##$$a =338 ##$$a =520 #$$a =650 #$$a Keluarga Berencana =700 #$$a =740 ##$$a =856 ##$$a =Wor $a 1